Science Quiz

Random Science or World Quiz

'C' Natural World Quiz Stats

 Plays Quiz Updated Jul 20, 2016

Also try: 'B' Natural World
Challenge
Share
Tweet
Embed
Score 0/21 Timer 05:00
20 Plays Today
Hint Answer % Correct
What name is given to to a plant that typically lives in the desert and has many sharp spines?Cactus
90.7%
Which venomous African or Asian snake spreads the skin of its neck into a hood when disturbed?Cobra
89.3%
Many species of which lizard have the ability to change color?Chameleon
89.2%
Which crustacean has a broad carapace, stalked eyes, five pairs of legs and is a type of seafood?Crab
86.4%
Mugger, Nile and Saltwater are all types of which predatory aquatic tropical reptile?Crocodile
85%
What name is given to the stony marine skeletons that typically form large reefs in warm seas?Coral
84.8%
Which animal is also known as a mountain lion, puma, panther or mountain cat?Cougar
80.7%
The musical instrument known as 'Triton's trumpet' is made using which large seashell?Conch
78.9%
Which wild dog native to North America is also called brush wolf or prairie wolf?Coyote
78%
Which scavenging insect with long antennae and legs is a household pest?Cockroach
77.7%
Jay, Raven and Rook all belong to which bird family?Corvid
73.7%
Hint Answer % Correct
Which type of tree is typically evergreen and bears cones and needle-like or scale-like leaves?Conifer
70.4%
What common name is given to the larva of a butterfly or moth?Caterpillar
70.4%
What name is also used in North America for reindeer?Caribou
70.2%
Which African finch with a melodious song and yellowish-green plumage is often a cage pet?Canary
62.5%
Which type of small Australian 'talking' parrot is often kept as a household pet?Cockatiel
60.6%
Which South American mammal is the largest rodent in the world?Capybara
59.2%
Which widespread large bird is also the tallest flying bird in the world?Crane
56%
Goldfish, Koi and Mirror are all types of which fish?Carp
54.8%
Which coastal fish-eating seabird that dives from the surface can reach depths of up to 45 meters?Cormorant
31.4%
Which large flightless bird is native mainly to the forests of New Guinea?Cassowary
22.8%

You're not logged in!

Compare scores with friends on all Sporcle quizzes.
Join for Free
OR
Log In

You Might Also Like...

Show Comments

Extras

Top Quizzes Today


Score Distribution

Your Account Isn't Verified!

In order to create a playlist on Sporcle, you need to verify the email address you used during registration. Go to your Sporcle Settings to finish the process.

Report this User

Report this user for behavior that violates our Community Guidelines.

Details: